| 000 | 00531nam a22001817a 4500 | ||
|---|---|---|---|
| 003 | OSt | ||
| 005 | 20240313133356.0 | ||
| 008 | 198004b ||||| |||| 00| 0 eng d | ||
| 040 |
_aDO-SdBNP _bspa _cBNPHU |
||
| 082 |
_axxx _bA |
||
| 100 | 1 | 0 |
_aPèrez Mèndez, Artagnan, _d1929-2017 _977104 |
| 245 |
_aCodigo de procedimiento civil / _cArtagnan Pèrez Mèndez |
||
| 260 |
_aSanto Domingo : _b[s. n], _c1980 |
||
| 300 |
_a263 p. ; _c21 cm |
||
| 590 | _aInventariado, 2020 / DG | ||
| 910 | _aInventariado, 2020 / DG | ||
| 942 |
_2ddc _cLBS1 |
||
| 999 |
_c49064 _d49064 |
||